[Event "12sen.WM-H Naumburg"]
[Site "Naumburg/Saale(20.10.-03.11.)"]
[Date "2002.10.22"]
[Round "2"]
[White "Daniel, Wolfgang"]
[Black "Rauscher, Erwin"]
[Result "1-0"]
[WhiteElo "1885"]
[BlackElo "1579"]
[PlyCount "79"]
[EventDate "2002.11.??"]

1. e4 c5 2. c4 d6 3. Ne2 Nf6 4. Nbc3 g6 5. d4 cxd4 6. Nxd4 Bg7 7. Be2 O-O 8.
Be3 Nc6 9. O-O Bd7 10. Qd2 Nxd4 11. Bxd4 Bc6 12. f3 b6 13. Rfd1 e5 14. Be3 Ne8
15. Rac1 f5 16. exf5 Rxf5 17. Ne4 Bxe4 18. fxe4 Rf8 19. b4 Kh8 20. c5 bxc5 21.
bxc5 Rc8 22. cxd6 Rxc1 23. Qxc1 Qd7 24. Qc5 Rf6 25. Qxa7 Qxa7 26. Bxa7 Rxd6 27.
Rxd6 Nxd6 28. Bd3 Kg8 29. a4 Kf7 30. a5 Ke8 31. a6 Kd8 32. Bc5 Nc8 33. a7 Nxa7
34. Bxa7 Kc7 35. Kf2 Kb7 36. Be3 Kc6 37. g4 Kd6 38. g5 Ke6 39. Bc4+ Kd6 40. Bg8
1-0

[Event "12sen.WM-H Naumburg"]
[Site "Naumburg/Saale(20.10.-03.11.)"]
[Date "2002.10.22"]
[Round "2"]
[White "De_Mol, Fer"]
[Black "Ristic, Sreten"]
[Result "0-1"]
[WhiteElo "1313"]
[BlackElo "1813"]
[PlyCount "56"]
[EventDate "2002.11.??"]

1. e4 d5 2. Bd3 dxe4 3. Bxe4 Nf6 4. Bf3 e5 5. d3 c6 6. Bg5 h6 7. Bd2 Na6 8. a3
Nc7 9. Nc3 Be6 10. Na4 Na6 11. b4 Qd7 12. Be2 Bd5 13. f3 Be6 14. c4 b5 15. Nc3
Nc7 16. Be3 Bd6 17. c5 Be7 18. Qc2 a5 19. Qb1 Nfd5 20. Bd2 Nxc3 21. Bxc3 Nd5
22. Bxe5 Bf6 23. Bxf6 gxf6 24. g3 Nc3 25. Qb2 axb4 26. axb4 Rxa1+ 27. Qxa1 Qd4
28. Kd2 Ne4+ 0-1

[Event "12sen.WM-H Naumburg"]
[Site "Naumburg/Saale(20.10.-03.11.)"]
[Date "2002.10.22"]
[Round "2"]
[White "Demmer, Wolfgang"]
[Black "Farin, Friedrich"]
[Result "1-0"]
[WhiteElo "1753"]
[BlackElo "1324"]
[PlyCount "95"]
[EventDate "2002.11.??"]

1. e4 d6 2. d4 Nf6 3. Nc3 g6 4. f4 Bg7 5. Nf3 O-O 6. Be2 c5 7. dxc5 Qa5 8. O-O
Qxc5+ 9. Kh1 Nc6 10. a3 Ng4 11. Qd3 Bxc3 12. bxc3 f5 13. Qd5+ e6 14. Qxc5 dxc5
15. e5 h5 16. Ng5 Nh6 17. Bc4 Re8 18. Rd1 a6 19. Rd6 b5 20. Bxe6+ Bxe6 21. Nxe6
Rac8 22. Nxc5 Ne7 23. Be3 Ng4 24. Bd4 Kh7 25. h3 Nh6 26. Nxa6 Nf7 27. Rb6 g5
28. e6 Nd8 29. fxg5 Kg6 30. h4 Nec6 31. Nb4 Nxd4 32. cxd4 Rxe6 33. Rxb5 Re4 34.
Rb6+ Ne6 35. d5 Re8 36. Rxe6+ R8xe6 37. dxe6 Rxe6 38. Nd3 Re4 39. g3 Re3 40.
Nf4+ Kf7 41. Kg2 Kg7 42. Nxh5+ Kf7 43. Nf4 Rc3 44. Ra2 Kg7 45. a4 Rc8 46. a5
Ra8 47. Nd5 Kf8 48. Nb6 1-0

[Event "12sen.WM-H Naumburg"]
[Site "Naumburg/Saale(20.10.-03.11.)"]
[Date "2002.10.22"]
[Round "2"]
[White "Dietze, Otto"]
[Black "Roth, Karl_Heinz"]
[Result "1/2-1/2"]
[WhiteElo "2126"]
[BlackElo "1632"]
[PlyCount "41"]
[EventDate "2002.11.??"]

1. e4 c5 2. Nf3 d6 3. d4 cxd4 4. Nxd4 Nf6 5. Nc3 a6 6. Bc4 e6 7. O-O Qc7 8. Bb3
Bd7 9. Re1 Be7 10. Bg5 Nc6 11. Kh1 h6 12. Bh4 O-O 13. f4 Na5 14. e5 Nxb3 15.
axb3 dxe5 16. fxe5 g5 17. exf6 Bxf6 18. Ne4 Be7 19. Qh5 Qf4 20. Nf3 f6 21. Qg6+
1/2-1/2

[Event "12sen.WM-H Naumburg"]
[Site "Naumburg/Saale(20.10.-03.11.)"]
[Date "2002.10.22"]
[Round "2"]
[White "Donchenko, Anatoli"]
[Black "Kahn, Manfred"]
[Result "1-0"]
[WhiteElo "2448"]
[BlackElo "2177"]
[PlyCount "45"]
[EventDate "2002.11.??"]

1. Nf3 d5 2. d4 Nc6 3. Bf4 Bg4 4. e3 e6 5. c4 Bb4+ 6. Nc3 Nf6 7. Rc1 O-O 8. h3
Bxf3 9. Qxf3 Bxc3+ 10. bxc3 Ne4 11. Bd3 f5 12. Qe2 Na5 13. cxd5 exd5 14. c4 c5
15. cxd5 cxd4 16. exd4 Qxd5 17. f3 Rae8 18. fxe4 fxe4 19. Bb5 Rc8 20. Rxc8 Rxc8
21. O-O a6 22. Be5 Rf8 23. Qg4 1-0

[Event "12sen.WM-H Naumburg"]
[Site "Naumburg/Saale(20.10.-03.11.)"]
[Date "2002.10.22"]
[Round "2"]
[White "Dorawa, Bernhard"]
[Black "Boehnisch, Manfred"]
[Result "0-1"]
[WhiteElo "2148"]
[BlackElo "2365"]
[PlyCount "100"]
[EventDate "2002.11.??"]

1. e4 c6 2. Nc3 d5 3. Nf3 Bg4 4. h3 Bxf3 5. Qxf3 Nf6 6. g3 e6 7. Bg2 Bb4 8.
exd5 cxd5 9. Ne2 Nc6 10. O-O O-O 11. d4 Qb6 12. c3 Bd6 13. Nf4 Rfe8 14. Nd3
Rac8 15. Bf4 Bxf4 16. Qxf4 Na5 17. Rfe1 Nc4 18. Re2 a5 19. g4 Qd6 20. Ne5 Nxe5
21. dxe5 Qc7 22. Rd1 Nd7 23. Rd4 Rf8 24. Qe3 Nb6 25. g5 Qd8 26. Qg3 Rc4 27.
Red2 Qc7 28. Bf1 Rxd4 29. Rxd4 Nd7 30. f4 Qb6 31. Qf2 Nc5 32. Rd2 Rc8 33. Qd4
g6 34. Kg2 Qc6 35. Bd3 b5 36. Kg3 Qb7 37. h4 Nxd3 38. Qxd3 Rc4 39. Re2 b4 40.
cxb4 Qxb4 41. a3 Qa4 42. Rf2 Rc1 43. Rf3 Rc2 44. b3 Qc6 45. Qd4 Ra2 46. Rc3 Qa6
47. f5 gxf5 48. h5 Kg7 49. Rc7 Qb5 50. a4 Qxb3+ 0-1

[Event "12sen.WM-H Naumburg"]
[Site "Naumburg/Saale(20.10.-03.11.)"]
[Date "2002.10.22"]
[Round "2"]
[White "Duemmke, Juergen"]
[Black "Karasev, Vladimir"]
[Result "0-1"]
[WhiteElo "2191"]
[BlackElo "2450"]
[PlyCount "83"]
[EventDate "2002.11.??"]

1. Nf3 Nf6 2. g3 b5 3. Bg2 Bb7 4. O-O c5 5. a4 b4 6. b3 e6 7. Bb2 Be7 8. d3 d5
9. Nbd2 O-O 10. e4 dxe4 11. Ne5 Qc7 12. dxe4 Rd8 13. Qe2 Nc6 14. Nxc6 Qxc6 15.
Nc4 Qa6 16. Rad1 Ne8 17. Qg4 Bf6 18. e5 Bxg2 19. Kxg2 Qc6+ 20. Kg1 Be7 21. Bc1
Rd5 22. Rxd5 exd5 23. Ne3 Qe6 24. f4 Qxg4 25. Nxg4 Nc7 26. Ne3 g6 27. g4 f6 28.
Bb2 d4 29. Nc4 f5 30. gxf5 gxf5 31. Kf2 Kf7 32. Rg1 Rd8 33. Na5 Ne6 34. Kf3 d3
35. Nc6 Rd7 36. Nxe7 Kxe7 37. Ke3 dxc2 38. Rc1 c4 39. Rxc2 Rd3+ 40. Kf2 Rxb3
41. Bc1 a5 42. Ke2 0-1

[Event "12sen.WM-H Naumburg"]
[Site "Naumburg/Saale(20.10.-03.11.)"]
[Date "2002.10.22"]
[Round "2"]
[White "Ehlert, Joachim"]
[Black "Heyse, Juergen"]
[Result "1-0"]
[WhiteElo "1856"]
[BlackElo "1560"]
[PlyCount "59"]
[EventDate "2002.11.??"]

1. e4 c6 2. d4 d5 3. e5 c5 4. c3 Nc6 5. Nf3 Qb6 6. dxc5 Qd8 7. Bb5 Bg4 8. Qa4
Qc7 9. Qxg4 e6 10. Be3 Nge7 11. O-O Ng6 12. Bxc6+ bxc6 13. Qa4 Be7 14. Bd4 Rb8
15. b4 O-O 16. Nbd2 Nf4 17. Qd1 g5 18. h3 a5 19. a3 Kh8 20. Nh2 axb4 21. axb4
Rg8 22. Qf3 Ng6 23. Rfe1 Bf8 24. g3 Bh6 25. Ng4 Bg7 26. Nf6 Rgf8 27. Nf1 Ne7
28. Ne3 Ra8 29. Rxa8 Rxa8 30. Qh5 1-0

[Event "12sen.WM-H Naumburg"]
[Site "Naumburg/Saale(20.10.-03.11.)"]
[Date "2002.10.22"]
[Round "2"]
[White "Eidelmann, Vova"]
[Black "Zelkind, Simeon"]
[Result "1-0"]
[WhiteElo "1845"]
[BlackElo "1000"]
[PlyCount "47"]
[EventDate "2002.11.??"]

1. Nf3 d5 2. d4 Nf6 3. c4 c6 4. e3 a6 5. Nc3 Nbd7 6. b3 e6 7. Bd3 Be7 8. O-O
O-O 9. Bb2 Re8 10. Ne5 c5 11. f4 cxd4 12. exd4 dxc4 13. bxc4 Qc7 14. Rc1 b6 15.
Ne4 Bb7 16. Ng5 Rf8 17. Rc3 h6 18. Ngf3 Ne4 19. Rc2 Ndf6 20. Be2 Rfd8 21. g4
Nd6 22. g5 hxg5 23. fxg5 Nd7 24. Qe1 1-0

[Event "12sen.WM-H Naumburg"]
[Site "Naumburg/Saale(20.10.-03.11.)"]
[Date "2002.10.22"]
[Round "2"]
[White "Fiedler, Eduard"]
[Black "Bleher, Walter"]
[Result "1/2-1/2"]
[WhiteElo "1597"]
[BlackElo "1895"]
[PlyCount "154"]
[EventDate "2002.11.??"]

1. e4 c5 2. Nc3 Nc6 3. f4 g6 4. Nf3 Bg7 5. Bc4 a6 6. a4 e6 7. O-O Nge7 8. e5
Nf5 9. Bd3 d5 10. Bxf5 exf5 11. d4 cxd4 12. Nxd4 O-O 13. Nce2 Re8 14. c3 f6 15.
exf6 Bxf6 16. Kh1 Qd6 17. Qd3 Bd7 18. b3 Rad8 19. Ba3 Qc7 20. Ng3 Nxd4 21. cxd4
Re6 22. Rac1 Bc6 23. h3 Rde8 24. Rf3 Qg7 25. Nxf5 Qc7 26. Ng3 Kg7 27. f5 Re4
28. fxg6 hxg6 29. Rxf6 Kxf6 30. Nxe4+ Rxe4 31. Rf1+ Rf4 32. Bc1 Rxf1+ 33. Qxf1+
Kg7 34. Bf4 Qf7 35. Be5+ Kg8 36. Qc1 Be8 37. Qh6 Qh7 38. Qg5 Qf7 39. h4 Kh7 40.
Kh2 Bd7 41. Qd8 Be8 42. a5 Kg8 43. b4 Kh7 44. Qg5 Bd7 45. Qd8 Be8 46. Qg5 Bd7
47. Qd8 Be8 48. Qg5 Bd7 49. Bf4 Be8 50. Qh6+ Kg8 51. Be5 Qh7 52. Qg5 Qf7 53. h5
Kh7 54. h6 Qf8 55. Bg7 Qf5 56. Qxf5 gxf5 57. Kg3 Kg6 58. Kf4 Ba4 59. g4 fxg4
60. Kxg4 Kf7 61. Kf5 Bc6 62. Bf6 Kg8 63. Ke6 Kh7 64. Bg5 Kg6 65. Bf4 Kh7 66.
Kf7 Bb5 67. Ke6 Bc6 68. Kf5 Bb5 69. Kg5 Bc6 70. Be5 Bb5 71. Bg7 Bc6 72. Kf6 Kg8
73. Bf8 Kh7 74. Ke6 Kg8 75. Bd6 Kh7 76. Bf4 Kg6 77. Ke7 Bb5 1/2-1/2

[Event "12sen.WM-H Naumburg"]
[Site "Naumburg/Saale(20.10.-03.11.)"]
[Date "2002.10.22"]
[Round "2"]
[White "Filzmaier, Bruno"]
[Black "Ollek, Karl_Heinz"]
[Result "1-0"]
[WhiteElo "2012"]
[BlackElo "1663"]
[PlyCount "75"]
[EventDate "2002.11.??"]

1. a3 g6 2. Nf3 Bg7 3. d4 d5 4. e3 e6 5. c4 Ne7 6. Nbd2 O-O 7. b4 b6 8. Bb2 c5
9. Qb3 cxb4 10. axb4 Bb7 11. Be2 Nbc6 12. O-O a5 13. b5 dxc4 14. Nxc4 Nb4 15.
Rfe1 Bd5 16. Ba3 Bxc4 17. Bxc4 Nbd5 18. Rad1 Re8 19. e4 a4 20. Qc2 Nf6 21. Qa2
Nc8 22. Ne5 Nd6 23. Nc6 Nxc4 24. Nxd8 Nxa3 25. Nxe6 Rxe6 26. Qxa3 Bf8 27. Qf3
Nd7 28. e5 Rae8 29. Qd5 Nb8 30. f4 h5 31. Kf1 Bb4 32. Re3 R6e7 33. Qc4 Ba5 34.
d5 Nd7 35. d6 Re6 36. Qxa4 Rc8 37. Qe4 Rc5 38. Qb7 1-0

[Event "12sen.WM-H Naumburg"]
[Site "Naumburg/Saale(20.10.-03.11.)"]
[Date "2002.10.22"]
[Round "2"]
[White "Fischer, Paul[37Hiltr]"]
[Black "Schuler, Georg"]
[Result "1-0"]
[WhiteElo "1766"]
[BlackElo "2148"]
[PlyCount "123"]
[EventDate "2002.11.??"]

1. Nc3 c5 2. g4 d5 3. e4 d4 4. Nd5 e6 5. Bb5+ Bd7 6. Bxd7+ Nxd7 7. Nf4 Bd6 8.
d3 Qc7 9. Ngh3 Ne7 10. Nh5 Rg8 11. f4 g6 12. Ng3 Nc6 13. Qe2 O-O-O 14. e5 Be7
15. Bd2 Nb6 16. O-O-O Nd5 17. Ne4 Ncb4 18. a3 Nc6 19. Nhg5 Bxg5 20. Nxg5 h6 21.
Ne4 b6 22. Nd6+ Rxd6 23. exd6 Qxd6 24. Rdf1 f5 25. gxf5 exf5 26. h4 h5 27. Rh3
Nf6 28. Qg2 Ng4 29. Re1 Kd7 30. Kb1 Re8 31. Rxe8 Kxe8 32. Qe2+ Kd7 33. Rh1 Qe6
34. Qxe6+ Kxe6 35. Re1+ Kd7 36. b4 Ne7 37. bxc5 bxc5 38. Kb2 Nd5 39. Rf1 Kd6
40. c3 dxc3+ 41. Bxc3 Nde3 42. Rg1 Kd5 43. Kb3 Nf2 44. Rxg6 Nxd3 45. Rg7 c4+
46. Ka2 Nxf4 47. Rxa7 Nd3 48. Rh7 f4 49. Rxh5+ Ke4 50. Rh8 f3 51. Re8+ Kf5 52.
Rxe3 f2 53. Rf3+ Ke4 54. Rxf2 Nxf2 55. h5 Ng4 56. Kb2 Kd3 57. Bg7 Ke4 58. Kc3
Kd5 59. Bd4 Kc6 60. Kxc4 Kb7 61. Kd5 Nh6 62. Ke6 1-0

[Event "12sen.WM-H Naumburg"]
[Site "Naumburg/Saale(20.10.-03.11.)"]
[Date "2002.10.22"]
[Round "2"]
[White "Flores_Escuin, Sadurni"]
[Black "Fanenbruck, Guenter"]
[Result "1-0"]
[WhiteElo "2078"]
[BlackElo "1557"]
[PlyCount "69"]
[EventDate "2002.11.??"]

1. e4 c5 2. Nf3 Nc6 3. d4 cxd4 4. Nxd4 Nf6 5. Nc3 e5 6. Ndb5 d6 7. Bg5 a6 8.
Na3 b5 9. Bxf6 gxf6 10. Nd5 f5 11. Bd3 Be6 12. c3 Bxd5 13. exd5 Ne7 14. Qh5 Qd7
15. O-O-O e4 16. Be2 Bg7 17. Nc2 Rc8 18. Qg5 Rg8 19. Qe3 Rc5 20. Nb4 Qc8 21.
Kb1 Qb7 22. Qh3 a5 23. Nc6 b4 24. cxb4 axb4 25. Nxe7 Qxe7 26. Qxf5 Qf6 27. Qxf6
Bxf6 28. g3 b3 29. axb3 Ke7 30. Rhe1 Ra8 31. Bc4 Rca5 32. Rxe4+ Kf8 33. Kc2 Ra1
34. Rxa1 Rxa1 35. b4 1-0

[Event "12sen.WM-H Naumburg"]
[Site "Naumburg/Saale(20.10.-03.11.)"]
[Date "2002.10.22"]
[Round "2"]
[White "Franke, Helmut"]
[Black "Packroff, Hermann"]
[Result "1/2-1/2"]
[WhiteElo "1759"]
[BlackElo "2262"]
[PlyCount "98"]
[EventDate "2002.11.??"]

1. e4 Nf6 2. e5 Nd5 3. Nf3 Nb6 4. d4 d6 5. exd6 cxd6 6. Nc3 g6 7. Be3 Bg7 8.
Qd2 O-O 9. h4 h5 10. Be2 Nc6 11. O-O-O Bf5 12. a3 Na5 13. Nh2 Nbc4 14. Bxc4
Nxc4 15. Qe2 Rc8 16. g4 hxg4 17. Rd3 Bxd3 18. Qxd3 Nxe3 19. fxe3 f5 20. Nd5 e5
21. Nf1 Qe8 22. Ng3 Qf7 23. Qb3 Rce8 24. h5 exd4 25. hxg6 Qe6 26. Qxb7 dxe3 27.
Nh5 Qe5 28. Kb1 e2 29. Re1 Qxb2+ 30. Qxb2 Bxb2 31. Kxb2 Re6 32. Ndf4 Re4 33.
Kc1 a5 34. Rxe2 Rxe2 35. Nxe2 Rb8 36. Nef4 Rb5 37. Kd2 Re5 38. Kd3 Kf8 39. c4
Re1 40. Nd5 Re6 41. g7+ Kf7 42. Ndf6 Rxf6 43. Nxf6 Kxg7 44. Ne8+ Kf7 45. Nxd6+
Ke6 46. c5 g3 47. Ke2 Kd5 48. Nxf5 Kxc5 49. Nxg3 Kc4 1/2-1/2

[Event "12sen.WM-H Naumburg"]
[Site "Naumburg/Saale(20.10.-03.11.)"]
[Date "2002.10.22"]
[Round "2"]
[White "Franz, Siegfried"]
[Black "Kraemer, Marianne"]
[Result "1-0"]
[WhiteElo "1777"]
[BlackElo "1406"]
[PlyCount "63"]
[EventDate "2002.11.??"]

1. e4 d5 2. exd5 Qxd5 3. Nc3 Qa5 4. Nf3 Nf6 5. Bc4 e6 6. O-O c6 7. d4 Bd6 8.
Bb3 O-O 9. Ne2 Nbd7 10. c4 Qh5 11. Bf4 Bxf4 12. Nxf4 Qh6 13. Qd2 b6 14. Rad1
Bb7 15. Ne2 Qxd2 16. Rxd2 Ne4 17. Rd3 Rad8 18. Rfd1 Ndf6 19. Ne5 h6 20. f3 Ng5
21. Ba4 Rd6 22. c5 bxc5 23. dxc5 Rxd3 24. Rxd3 Rc8 25. Rd6 Rc7 26. Rd8+ Kh7 27.
h4 Nxf3+ 28. gxf3 Nd5 29. Bc2+ g6 30. h5 Kg7 31. hxg6 fxg6 32. Nd4 1-0

[Event "12sen.WM-H Naumburg"]
[Site "Naumburg/Saale(20.10.-03.11.)"]
[Date "2002.10.22"]
[Round "2"]
[White "Fries, Karl_Heinz"]
[Black "Beckel, Friedrich"]
[Result "1-0"]
[WhiteElo "1727"]
[BlackElo "2039"]
[PlyCount "72"]
[EventDate "2002.11.??"]

1. e4 c5 2. Nf3 d6 3. d4 cxd4 4. Nxd4 Nf6 5. Nc3 g6 6. f3 Bg7 7. Be3 Nc6 8. Qd2
O-O 9. h4 h5 10. Nxc6 bxc6 11. Bc4 Qa5 12. O-O Kh7 13. a3 Nd7 14. b4 Qc7 15.
Rab1 Ne5 16. Be2 Bd7 17. Bf4 a5 18. b5 cxb5 19. Nxb5 Qc5+ 20. Be3 Nc4 21. Bxc4
Qxc4 22. Nd4 Bf6 23. g3 Rfc8 24. Rfc1 Rab8 25. Rxb8 Rxb8 26. Qd3 Rc8 27. Kf2
Qxd3 28. cxd3 Rxc1 29. Bxc1 Bxd4+ 30. Ke2 a4 31. Bd2 Kg7 32. Kf1 Bb5 33. Ke2 f5
34. exf5 gxf5 35. f4 Kf6 36. Bc1 e5 1-0

[Event "12sen.WM-H Naumburg"]
[Site "Naumburg/Saale(20.10.-03.11.)"]
[Date "2002.10.22"]
[Round "2"]
[White "Fronczek, Heinrich"]
[Black "Oelert, Ralf"]
[Result "1-0"]
[WhiteElo "2272"]
[BlackElo "2077"]
[PlyCount "65"]
[EventDate "2002.11.??"]

1. d4 e6 2. c4 f5 3. g3 Nf6 4. Bg2 Be7 5. Nf3 O-O 6. O-O c6 7. Nc3 d5 8. b3
Nbd7 9. Bb2 Ne4 10. Qc2 Qe8 11. e3 Qh5 12. Ne5 Rf6 13. Ne2 Rh6 14. h3 Bf6 15.
f3 Nd6 16. cxd5 exd5 17. Nxc6 bxc6 18. Qxc6 Nb6 19. Qxd6 Ba6 20. Qe6+ Kh8 21.
g4 fxg4 22. fxg4 Qg5 23. Rf5 Qg6 24. Nf4 Qe8 25. Qxe8+ Rxe8 26. Nxd5 Nxd5 27.
Rxd5 Rxe3 28. g5 Rg6 29. gxf6 gxf6 30. Rd8+ Kg7 31. Rc1 Rxh3 32. Rc7+ Kh6 33.
Bc1+ 1-0

[Event "12sen.WM-H Naumburg"]
[Site "Naumburg/Saale(20.10.-03.11.)"]
[Date "2002.10.22"]
[Round "2"]
[White "Gaspariants, Garry"]
[Black "Schwertel, Johann"]
[Result "1-0"]
[WhiteElo "2240"]
[BlackElo "2061"]
[PlyCount "47"]
[EventDate "2002.11.??"]

1. Nf3 Nf6 2. b3 g6 3. Bb2 Bg7 4. g3 O-O 5. Bg2 d5 6. c4 c6 7. O-O Na6 8. d3
dxc4 9. bxc4 Qb6 10. Bc3 Nh5 11. Qc2 Re8 12. d4 Be6 13. Nbd2 Rad8 14. Rab1 Qc7
15. Qb3 b6 16. Qa3 Nb8 17. Rfc1 Rc8 18. c5 Nd7 19. Ng5 bxc5 20. Nxe6 fxe6 21.
dxc5 Rb8 22. Bh3 Kf8 23. Nc4 e5 24. Ba5 1-0

[Event "12sen.WM-H Naumburg"]
[Site "Naumburg/Saale(20.10.-03.11.)"]
[Date "2002.10.22"]
[Round "2"]
[White "Giering, Helmut"]
[Black "Neese, Hans_Joachim"]
[Result "0-1"]
[WhiteElo "1714"]
[BlackElo "2247"]
[PlyCount "84"]
[EventDate "2002.11.??"]

1. Nf3 d5 2. b3 c5 3. e3 Bg4 4. Bb2 Nf6 5. Be2 Nc6 6. d3 e6 7. Ne5 Nxe5 8. Bxe5
Bf5 9. Nd2 Be7 10. O-O O-O 11. f4 Nd7 12. Bb2 Bg6 13. Nf3 f6 14. Nh4 Bf7 15. f5
Bd6 16. Bh5 Qe8 17. Bxf7+ Rxf7 18. Qg4 e5 19. e4 dxe4 20. Qxe4 Nb6 21. Rf3 Rd8
22. Rg3 Bf8 23. Ng6 Rfd7 24. Nxf8 Qxf8 25. Re1 Nd5 26. Qc4 Qf7 27. a3 b6 28.
Re4 Ne7 29. Qxf7+ Kxf7 30. Rf3 Nc8 31. g4 Nd6 32. Re2 h6 33. Rfe3 h5 34. h3 Rh8
35. Rf3 hxg4 36. hxg4 Rh4 37. g5 Rd8 38. g6+ Ke7 39. d4 cxd4 40. a4 Rdh8 41.
Ba3 Rh1+ 42. Kg2 R8h2+ 0-1

[Event "12sen.WM-H Naumburg"]
[Site "Naumburg/Saale(20.10.-03.11.)"]
[Date "2002.10.22"]
[Round "2"]
[White "Goy, Udo"]
[Black "Glende, Siegfried"]
[Result "1-0"]
[WhiteElo "2193"]
[BlackElo "1708"]
[PlyCount "87"]
[EventDate "2002.11.??"]

1. e4 e6 2. d4 d5 3. Nc3 Nf6 4. e5 Nfd7 5. f4 a6 6. Nf3 c5 7. Be3 Nc6 8. Qd2
cxd4 9. Nxd4 Nxd4 10. Bxd4 g6 11. h4 h5 12. Be2 Be7 13. O-O-O Qa5 14. g4 b5 15.
gxh5 b4 16. Nb1 Nc5 17. hxg6 Ne4 18. gxf7+ Kxf7 19. Qe3 Bd7 20. Bd3 Rac8 21.
Bxe4 dxe4 22. h5 Qxa2 23. Qxe4 Rh6 24. Rh2 Rg8 25. Be3 Qa4 26. f5 exf5 27. Qd4
Re6 28. Qxd7 Qxd7 29. Rxd7 Rxe5 30. Bd4 Re1+ 31. Kd2 Rxb1 32. Re2 Re8 33. Bc5
Rh1 34. Rexe7+ Rxe7 35. Rxe7+ Kf6 36. Ra7 Rxh5 37. Rxa6+ Ke5 38. Bxb4 Rh2+ 39.
Kd3 Rh3+ 40. Kc4 f4 41. Bc3+ Ke4 42. Re6+ Kf3 43. b4 Kg2 44. Rg6+ 1-0

[Event "12sen.WM-H Naumburg"]
[Site "Naumburg/Saale(20.10.-03.11.)"]
[Date "2002.10.22"]
[Round "2"]
[White "Gruzmann, Boris"]
[Black "Will, Michael"]
[Result "0-1"]
[WhiteElo "2265"]
[BlackElo "2077"]
[PlyCount "71"]
[EventDate "2002.11.??"]

1. e4 c6 2. d4 g6 3. Nc3 d5 4. f3 Bg7 5. Be3 Nf6 6. e5 Ng8 7. Qd2 a5 8. h4 h5
9. Nh3 Bxh3 10. Rxh3 b5 11. e6 fxe6 12. Bd3 Nf6 13. Bxg6+ Kd7 14. a4 Qb6 15.
axb5 cxb5 16. Bd3 b4 17. Na4 Qc6 18. c3 Kd8 19. cxb4 axb4 20. Qxb4 Nbd7 21. Rg3
Ne8 22. Bb5 Qb7 23. Rc1 Nd6 24. Rxg7 Qxb5 25. Qxb5 Nxb5 26. Nc5 Nxc5 27. dxc5
d4 28. Bf4 Rf8 29. c6 Ra2 30. Be5 Re8 31. Rc4 Rxb2 32. Ra4 Nc7 33. Ra7 Rb1+ 34.
Kf2 d3 35. Bxc7+ Kc8 36. Be5 0-1

[Event "12sen.WM-H Naumburg"]
[Site "Naumburg/Saale(20.10.-03.11.)"]
[Date "2002.10.22"]
[Round "2"]
[White "Gudat, Alfons"]
[Black "Zunker, Reinhard_Dr"]
[Result "1/2-1/2"]
[WhiteElo "2054"]
[BlackElo "2203"]
[PlyCount "87"]
[EventDate "2002.11.??"]

1. Nf3 c5 2. e4 Nc6 3. Bb5 g6 4. O-O Bg7 5. c3 Nf6 6. Re1 O-O 7. d4 d5 8. e5
Ne4 9. Ng5 cxd4 10. cxd4 Qb6 11. Bxc6 bxc6 12. Nxe4 dxe4 13. Nc3 Rd8 14. Qe2
Ba6 15. Qxe4 Rxd4 16. Qf3 Rd3 17. Be3 Qc7 18. Na4 Rd5 19. Rac1 Rad8 20. Nc5 Bc8
21. Bf4 Qa5 22. Qa3 Qxa3 23. bxa3 h6 24. Nb3 Bd7 25. h4 Kf8 26. Nc5 Bc8 27. Nb3
Bd7 28. Nc5 g5 29. hxg5 hxg5 30. Bxg5 Rxe5 31. Rxe5 Bxe5 32. Bh6+ Ke8 33. Be3
Bb2 34. Rd1 Bxa3 35. Nxd7 Rxd7 36. Rxd7 Kxd7 37. Bxa7 c5 38. Bb8 c4 39. Be5 Kc6
40. Kf1 Kb5 41. Ke2 Bb4 42. Kd1 Ka4 43. Kc1 Ka3 44. Kb1 1/2-1/2

[Event "12sen.WM-H Naumburg"]
[Site "Naumburg/Saale(20.10.-03.11.)"]
[Date "2002.10.22"]
[Round "2"]
[White "Hamm, Georg"]
[Black "Zhelesny, Stanislav"]
[Result "0-1"]
[WhiteElo "2078"]
[BlackElo "2229"]
[PlyCount "98"]
[EventDate "2002.11.??"]

1. Nf3 Nf6 2. g3 g6 3. Bg2 Bg7 4. O-O O-O 5. d3 d5 6. Nbd2 c5 7. e4 Nc6 8. c3
Bg4 9. h3 Bxf3 10. Qxf3 Ne5 11. Qe2 dxe4 12. dxe4 Qd3 13. Qxd3 Nxd3 14. Rd1
Rad8 15. Bf1 Bh6 16. f4 e5 17. b4 exf4 18. Ba3 Ne5 19. Nc4 Nxc4 20. Bxc4 Nxe4
21. bxc5 Nxc3 22. Rxd8 Rxd8 23. Re1 Bf8 24. gxf4 Rc8 25. Re3 Nb1 26. Bb4 a5 27.
Rb3 axb4 28. Rxb1 Bxc5+ 29. Kg2 Bd6 30. Bd5 b6 31. Re1 Rc5 32. Bb3 Bxf4 33. Re4
Bd6 34. Rd4 Rg5+ 35. Kf3 Rf5+ 36. Kg2 Bc5 37. Rd5 Rxd5 38. Bxd5 Kg7 39. Kf3 f5
40. Bc4 Kf6 41. Bg8 h6 42. Bc4 g5 43. Bd3 Bd4 44. Bb5 h5 45. Bc4 g4+ 46. Kg3
Be5+ 47. Kh4 g3 48. Bd5 Kg6 49. Bf3 Kh6 0-1

[Event "12sen.WM-H Naumburg"]
[Site "Naumburg/Saale(20.10.-03.11.)"]
[Date "2002.10.22"]
[Round "2"]
[White "Har_Zahav, Avraham"]
[Black "Jugow, Alexander"]
[Result "0-1"]
[WhiteElo "2072"]
[BlackElo "2242"]
[PlyCount "70"]
[EventDate "2002.11.??"]

1. e4 c5 2. Nf3 d6 3. d4 cxd4 4. Nxd4 Nf6 5. Nc3 a6 6. f4 Qc7 7. Nf3 Nbd7 8. a4
b6 9. Bd3 Bb7 10. Qe2 g6 11. O-O Bg7 12. e5 dxe5 13. fxe5 Ng4 14. e6 fxe6 15.
g3 Qc5+ 16. Kg2 Bxc3 17. bxc3 Qc6 18. Kh3 Ngf6 19. Ng5 Nc5 20. Ba3 Nxd3 21.
cxd3 e5 22. Qxe5 Qd7+ 23. Ne6 Bc8 24. Rae1 Kf7 25. Kg2 Qxe6 26. Qg5 Qc6+ 27.
Kg1 Ra7 28. d4 Rd7 29. Qe5 Bb7 30. d5 Qxd5 31. Qxd5+ Bxd5 32. g4 h6 33. h4 Kg7
34. g5 hxg5 35. hxg5 Ng4 0-1

[Event "12sen.WM-H Naumburg"]
[Site "Naumburg/Saale(20.10.-03.11.)"]
[Date "2002.10.22"]
[Round "2"]
[White "Haug, Kjell_Martin"]
[Black "Heinemann, Klaus_Detlef"]
[Result "1-0"]
[WhiteElo "1780"]
[BlackElo "1458"]
[PlyCount "23"]
[EventDate "2002.11.??"]

1. c4 Nf6 2. Nc3 e6 3. Nf3 g6 4. e3 Bg7 5. g3 O-O 6. Bg2 c6 7. O-O d5 8. cxd5
cxd5 9. Qb3 Nc6 10. d4 Qd6 11. a3 a5 12. Qd1 1-0

[Event "12sen.WM-H Naumburg"]
[Site "Naumburg/Saale(20.10.-03.11.)"]
[Date "2002.10.22"]
[Round "2"]
[White "Hecht, Hans_Joachim"]
[Black "Schlag, Franz"]
[Result "1/2-1/2"]
[WhiteElo "2390"]
[BlackElo "2155"]
[PlyCount "27"]
[EventDate "2002.11.??"]

1. d4 d5 2. c4 Nc6 3. Nc3 Nf6 4. Nf3 Bg4 5. Ne5 Nxe5 6. dxe5 d4 7. exf6 dxc3 8.
Qxd8+ Rxd8 9. fxe7 Bxe7 10. bxc3 Bf6 11. Bd2 O-O 12. f3 Bd7 13. e4 Ba4 14. Be2
1/2-1/2

[Event "12sen.WM-H Naumburg"]
[Site "Naumburg/Saale(20.10.-03.11.)"]
[Date "2002.10.22"]
[Round "2"]
[White "Hilburt, Leonid"]
[Black "Brameyer, Hermann"]
[Result "1-0"]
[WhiteElo "2106"]
[BlackElo "2294"]
[PlyCount "95"]
[EventDate "2002.11.??"]

1. e4 c5 2. Nc3 Nc6 3. g3 g6 4. Bg2 Bg7 5. f4 d6 6. d3 e5 7. Nge2 Nge7 8. O-O
Rb8 9. a4 O-O 10. Be3 Nd4 11. Kh1 a6 12. Bg1 b5 13. axb5 axb5 14. Nxd4 cxd4 15.
Ne2 b4 16. b3 Qc7 17. Qd2 Bb7 18. Ra2 Ra8 19. Rfa1 Rxa2 20. Rxa2 Qc5 21. Ra4
Nc6 22. Bf2 Ra8 23. Rxa8+ Bxa8 24. Be1 f6 25. Kg1 Bf8 26. h4 Bb7 27. f5 d5 28.
g4 dxe4 29. Bxe4 gxf5 30. gxf5 Bc8 31. Ng3 Nd8 32. Qg2 Kf7 33. Nh5 Qb6 34. Bd2
Bb7 35. Bd5+ Ke8 36. Bxb7 Nxb7 37. Qg8 Nc5 38. Ng7+ Ke7 39. Qxh7 Bxg7 40. Qxg7+
Kd8 41. h5 Qa5 42. Qxf6+ Kd7 43. Qxe5 Qa1+ 44. Qe1 Qa8 45. Qf2 Qg8+ 46. Kf1 Qa8
47. h6 Qb8 48. Qf4 1-0

[Event "12sen.WM-H Naumburg"]
[Site "Naumburg/Saale(20.10.-03.11.)"]
[Date "2002.10.22"]
[Round "2"]
[White "Hobusch, Werner"]
[Black "Taimanow, Mark"]
[Result "1/2-1/2"]
[WhiteElo "2160"]
[BlackElo "2406"]
[PlyCount "61"]
[EventDate "2002.11.??"]

1. e4 c5 2. Nf3 e6 3. d4 cxd4 4. Nxd4 Nc6 5. Nc3 a6 6. Be2 Nge7 7. O-O Nxd4 8.
Qxd4 Nc6 9. Qe3 Qc7 10. Qg3 Bd6 11. Qxg7 Bxh2+ 12. Kh1 Be5 13. Bf4 Bxg7 14.
Bxc7 b5 15. f4 Bb7 16. e5 Rc8 17. Bd6 Nd4 18. Bd3 Nf5 19. Bxf5 exf5 20. Rf2 Rc4
21. Rd1 Bh6 22. Nd5 Bxd5 23. Rxd5 Bxf4 24. b3 Re4 25. Rxf4 Rxf4 26. Rc5 Kd8 27.
Rc7 Rf1+ 28. Kh2 Rf2 29. c4 Rg8 30. Rb7 Rgxg2+ 31. Kh1 1/2-1/2